Apología de Galileo
Saved in:
| 主要作者: | |
|---|---|
| 格式: | 圖書 |
| 語言: | 西班牙语 |
| 出版: |
Buenos Aires
El Cuenco de Plata
2005
|
| 版: | 1a. ed |
| 叢編: | El Libertino Erudito, 5
|
| 主題: | |
| 標簽: |
添加標簽
沒有標簽, 成為第一個標記此記錄!
|
MARC
| LEADER | 00000nam a2200000 a 4500 | ||
|---|---|---|---|
| 001 | UCI0625 | ||
| 003 | CL-VaPUC | ||
| 008 | 070518e20050000AG |||||||||||||||||spa|d | ||
| 020 | |a 9789871228201 | ||
| 082 | 0 | 4 | |a 195 |b CAM |2 21 |
| 100 | |a Campanella, Tommaso |e author |9 297254 | ||
| 245 | 1 | 0 | |a Apología de Galileo |
| 250 | |a 1a. ed | ||
| 300 | |a 171 p | ||
| 942 | |c BK | ||
| 945 | |d 20070518 00:00:00 |a jtorresc | ||
| 260 | |a Buenos Aires |b El Cuenco de Plata |c 2005 | ||
| 600 | 0 | |a Galilei, Galileo |9 264973 | |
| 650 | 0 | |a Filosofía renacentista |9 268121 | |
| 650 | 0 | |a Escuelas filosóficas |9 266232 | |
| 651 | 0 | |a Italia |9 254949 | |
| 583 | |a last modification |c 20140403 09:54:48 |k Rodrigo Vera | ||
| 490 | 0 | |a El Libertino Erudito, 5 | |
| 999 | |c 325700 |d 325698 | ||
| 952 | |0 0 |1 0 |4 0 |6 195_000000000000000_CAM_2005 |7 0 |8 A |9 406970 |a BIBEDU |b BIBEDU |d 2019-11-22 |i 434006K |l 2 |o 195 CAM 2005 |p 434006K |r 2023-09-09 |s 2023-07-31 |w 2019-11-22 |y BK |k FIL | ||